000 00689nam a2200205Ia 4500
003 GCL
008 140319s9999 xx 000 0 ara d
040 _aGCL /
_cGCL
082 0 4 _aق
_b932
_bهـ ط
100 1 _aهيئة الاثار المصرية
245 1 0 _aالطفولة والحضارة المصرية /
_cهيئة الاثار المصرية
260 _a[S.N] :
_bهيئة الاثار المصرية
300 _aمتعدد ؛
_c19سم
650 0 4 _aالحضارة الفرعونية
650 0 4 _aالطفولة
650 0 4 _aالاثار الفرعونية
650 0 4 _aالحضارة المصرية
650 0 4 _aالحضارة القديمة
942 _2ddc
_cBK
999 _c57794
_d57794